00401pab a2200145 454500008004000000100001900040245007000059260000900129300001300138362001200151650002400163650002600187650001800213773002400231180718b2006 xxu||||| |||| 00| 0 eng d aQvortrup, Matt aThe three referendums on the European constitution treaty in 2005 c2006 ap.89-97. aJan-Mar aReferendum - Europe aEurope - Constitution aConstitutions aPolitical Quarterly